[Event "Harrogate 4NCL op-B 12th"]
[Site "Harrogate"]
[Date "2017.01.08"]
[Round "4"]
[White "Williamson, A Graham"]
[Black "Dean, Robert A"]
[Result "1/2-1/2"]
[WhiteElo "1862"]
[BlackElo "1838"]
[PlyCount "43"]
[EventDate "2017.01.06"]
[EventType "swiss"]
[EventRounds "5"]
[EventCountry "ENG"]
[SourceTitle "CBM 176 Extra"]
[Source "ChessBase"]
[SourceDate "2017.03.02"]
[SourceVersion "1"]
[SourceVersionDate "2017.03.02"]
[SourceQuality "1"]

1. d4 d5 2. Bf4 Nf6 3. e3 g6 4. Bd3 Bg7 5. Nf3 0-0 6. Nbd2 Nbd7 7. c3 c5 8. Qe2 Qb6 9. 0-0-0 cxd4 10. exd4 Re8 11. h4 Nf8 12. Ne5 Nh5 13. Be3 f5 14. g4 fxg4 15. Nxg4 Bxg4 16. Qxg4 Qa5 17. Kb1 e5 18. dxe5 Bxe5 19. Nb3 Qc7 20. Rdg1 Nf6 21. Qg2 Ne4 22. Bxe4 1/2-1/2